000 00712nam a22002177a 4500
003 UA-OsUOA
001 73960
007 ta
008 20110324b un ||||| |||| 00| 0 ukr d
100 _aИванов Д.А.
090 _a159
_bИ20
942 _cSA
040 _aUA-OsUOA
_brus
_cUA-OsUOA
_dUA-OsUOA
245 _aО поэтапном психотерапевтическом воздействии при пограничной психопатологии
300 _aС.57-62
955 _a0
041 _arus
080 _a159
773 0 _w73956
_tСоционика, ментология и психология личности
_dК.
_d2011
_g1
650 7 _a1 Філософські науки
_2UDC
999 _c360250
_d360250